000 00463nam a2200193Ia 4500
008 240510s9999 xx 000 0 und d
020 _a0008178083191
041 _aEng
082 _a006.7
082 _bS72
100 _aSTEINMETZ ,R. & NAHRSTEDT, K.
245 0 _aMULTIMEDIA COMPUTING, COMMUNICATIONS AND APPLICATIONS
260 _bNEW DELHI : PEARSON
260 _c1995
300 _a854 p.
650 _aMULTIMEDIA
942 _2ddc
942 _cRBK
999 _c27063
_d27063
945 _a1
_bMadushi Gamage
_c1
_dMadushi Gamage